000 00598nam a2200205Ii 4500
001 14245
003 CO-ViMGA
008 241108s9999||||xx |||||||||||||| ||und||
040 _aCO-ViMGA
_bspa
_erda
_cCO-ViMGA
041 0 _aspa
082 0 4 _a330.9 A72s
100 1 _aOscar Arcila Niño
_950967
245 1 0 _aSur del Meta:
_bterritorio amazónico
264 1 _aBogotá, Colombia : Nomos Impresores, 2007
300 _avolumen
336 _atext
_btxt
_2rdacontent
337 _aunmediated
_bn
_2rdamedia
338 _avolume
_bnc
_2rdacarrier
940 _aidficha_siabuc: 13942. -- ficha_no_siabuc:14245
999 _c45669
_d45669